| 000 | 00829nam a2200253 a 4500 | ||
|---|---|---|---|
| 001 | 000020909 | ||
| 005 | 20260120073950.0 | ||
| 008 | 100823s|||| xxu r 000 0 spa d | ||
| 040 |
_aDO-SdBNP _bspa _cBNPHU |
||
| 082 |
_a232 _bM149c |
||
| 100 | 1 |
_aMachado, Reinaldo R., _943818 |
|
| 245 | 1 | 0 |
_aCristo en la senda histórica / _cReinaldo R. Machado. |
| 260 |
_aTexas, (Estados Unidos) : _bCasa Bautista de Publicaciones, _c19?? |
||
| 300 |
_a128, [1] p. ; _c20 cm. |
||
| 490 | 1 | _aEstudio biográfico | |
| 500 | _aIncluye notas al pie de las páginas. | ||
| 500 | _aTesis de solución a un magno problema. | ||
| 650 | 1 | 4 |
_aJesucristo _91304 |
| 650 | 4 |
_aCuerpo místico de cristo _943819 |
|
| 650 | 0 |
_aVida espiritual _9268 |
|
| 650 | 4 |
_aLiteratura cristiana _92131 |
|
| 830 | 0 |
_aEstudio biográfico _943820 |
|
| 049 | _aBNGR | ||
| 999 |
_c20412 _d20412 |
||